000 00371nam a2200145Ia 4500
008 230917s9999||||xx |||||||||||||| ||und||
040 _e207951
_aMAIN
041 _aEnglish
082 _a617 H314T
100 _aHawkins, Richard L, ed.
245 0 _aTreatment and prognosis surgery
260 _aNew Delhi
_bJaypee Brothers
_c1986
300 _axix, 278 p.
942 _cBK
999 _c68171
_d68171